000 00690nam a2200181Ia 4500
008 100921s9999 xx 000 0 und d
082 _b16856
_a891.463 थ 81
100 _aअष्टीकर मंदाकिनी.
245 _aवाट अंधारी साथ काटेरी.
260 _bबांदोडकर प्रकाशन, गोवा.
_c1981
300 _a204
_b---
365 _b27
520 _aललित-कादंबरी.
630 _aवाट अंधारी साथ काटेरी.
650 _aललित-कादंबरी.
730 _aवाट अंधारी साथ काटेरी.
942 _cBOOK
999 _c765969
_d765966